Vista normal Vista MARC

Entrada Genre/Form Term

Número de registros utilizados en: 1

001 - CONTROL NUMBER

  • control field: 63924

003 - CONTROL NUMBER IDENTIFIER

  • control field: OSt

005 - DATE AND TIME OF LATEST TRANSACTION

  • control field: 20250827214238.0

008 - FIXED-LENGTH DATA ELEMENTS

  • fixed length control field: 250827|| aca||aabn | a|a d

040 ## - CATALOGING SOURCE

  • Original cataloging agency: OSt
  • Transcribing agency: OSt

155 ## - HEADING--GENRE/FORM TERM

  • Genre/form term: Misceláneas

670 ## - SOURCE DATA FOUND

  • Source citation: Work cat.: (OSt)58750: Vallès Casadevall, Josep María, 1940- aut 63919, Ciencia política :









Instituto Departamental de Cultura del Meta - Red Departamental de Bibliotecas Públicas del Meta.